00848nam a22002417a 4500003000400000005001700004008004100021020002600062040000800088082001600096100002000112245015300132260003400285300002400319500001900343650002600362650001200388700001800400700003000418942000900448952013400457999001500591IIN20250722114352.0250722s2025 |||ad||| |||| 001 0 eng d a9788197849725c725.00 aIIN a610.73bMAU aMaurya, Archana aTextbook of Child Health Nursing-IbExclusively Prepared for B.Sc. Nursing (5th Semester)cArchana Maurya, Bibin Kurian and Darshana Kumari Wankhede aDelhibAITBS Publishersc2025 axxiii, 318 p.bill. aIncludes Index aChild HealthvNursing aNursing aKurian, Bibin aWankhede, Darshana Kumari cBOOK 00102ddc40708PURCHaIINbIINcGENd2025-04-21g725.00l1o610.73 MAUp2111r2025-10-15 16:52:42s2025-10-15w2025-07-22yBOOK c1862d1862